Notes on subject bibiliography / (Record no. 122880)

MARC details
000 -LEADER
fixed length control field 00643nam a22002417a 4500
005 - DATE AND TIME OF LATEST TRANSACTION
control field 20170124105917.0
010 ## - LIBRARY OF CONGRESS CONTROL NUMBER
LC control number 226400
020 ## - INTERNATIONAL STANDARD BOOK NUMBER
Terms of availability 00
035 ## - SYSTEM CONTROL NUMBER
System control number 226400
037 ## - SOURCE OF ACQUISITION
Source of stock number/acquisition Cen Lib/Ret
040 ## - CATALOGING SOURCE
Original cataloging agency DPL
Language of cataloging EN
082 ## - DEWEY DECIMAL CLASSIFICATION NUMBER
Classification number 016
Item number STA
100 ## - MAIN ENTRY--PERSONAL NAME
Personal name Staveley. Ronald
9 (RLIN) 2854
245 ## - TITLE STATEMENT
Title Notes on subject bibiliography /
Statement of responsibility, etc by Ronald Steveley
246 ## - VARYING FORM OF TITLE
Remainder of title
260 ## - PUBLICATION, DISTRIBUTION, ETC. (IMPRINT)
Name of publisher, distributor, etc Andre Deutsch
Date of publication, distribution, etc 1962
Place of publication, distribution, etc London
270 ## - ADDRESS
City London
Address 105 Great Russell Street
300 ## - PHYSICAL DESCRIPTION
Extent 144p.
Dimensions 18cm(Hb)
500 ## - GENERAL NOTE
General note includes index
650 ## - SUBJECT ADDED ENTRY--TOPICAL TERM
Topical term or geographic name as entry element Bibliographies
9 (RLIN) 901
650 ## - SUBJECT ADDED ENTRY--TOPICAL TERM
Topical term or geographic name as entry element Subjects
General subdivision
9 (RLIN) 2855
942 ## - ADDED ENTRY ELEMENTS (KOHA)
Source of classification or shelving scheme Dewey Decimal Classification
Koha item type English Books
Classification part 016
Call number suffix STA
Holdings
Withdrawn status Lost status Damaged status Not for loan Collection code Home library Current library Date acquired Source of acquisition Cost, normal purchase price Total Checkouts Full call number Barcode Date last seen Copy number Cost, replacement price Price effective from Koha item type
      Not For Loan Reference Central Library Central Library 30/05/2015 Cen Lib/Ret 0.00   016 STA 226400 30/05/2015 1 0.00 30/05/2015 English Books

© Delhi Public Library
Hit Counter
free hit counter